| 000 | 00748fam a2200253 a 4500 | ||
|---|---|---|---|
| 999 |
_c534357 _d534357 |
||
| 003 | Nust | ||
| 005 | 20200217162825.0 | ||
| 008 | 170216b xxu||||| |||| 00| 0 eng d | ||
| 020 | _a0941532178 (pbk. : alk. paper) : | ||
| 038 | _aMSOHAIL | ||
| 040 | _cNust- | ||
| 082 | 0 | 0 |
_a297 _bSCH |
| 100 | 1 |
_aSchuon, Frithjof, _928494 |
|
| 245 | 1 | 0 |
_aUnderstanding Islam / _cFrithjof Schuon. |
| 250 | _atranslation by D.M. Matheson from the French. | ||
| 260 |
_aPakistan Lahore : _bSohail academy, _c1963. |
||
| 300 |
_a159 p. ; _c21 cm. |
||
| 490 | 1 | _aThe library of traditional wisdom | |
| 500 | _aIncludes bibliographical references and index. | ||
| 650 | 0 |
_aIslam. _928495 |
|
| 650 | 0 |
_aMCE _9379 |
|
| 650 | 0 |
_aSufism. _96129 |
|
| 942 |
_cBK _2ddc |
||